Čo musíte evidovať v daňovej evidencii v roku 2021
Definícia daňovej evidencie a čo sa musí evidovať v daňovej evidencii v roku 2021. Evidencia o príjmoch, evidencia o daňových výdavkoch, evidencia o hmotnom a nehmotnom majetku, evidencia o zásobách, evidencia o pohľadávkach a evidencia o záväzkoch. Spôsob vedenia daňovej evidencie a jej uchovávanie...
Enregistré dans:
| Auteur principal: | |
|---|---|
| Format: | Chapitre de livre |
| Langue: | slovaque |
| Sujets: | |
| Tags: |
Pas de tags, Soyez le premier à ajouter un tag!
|
MARC
| LEADER | 00000naa a2200000 4500 | ||
|---|---|---|---|
| 001 | 0279299 | ||
| 005 | 20211028090715.1 | ||
| 041 | 0 | |a slo | |
| 044 | |a SK | ||
| 245 | 1 | 0 | |a Čo musíte evidovať v daňovej evidencii v roku 2021 |c Jarmila Strählová |
| 520 | |a Definícia daňovej evidencie a čo sa musí evidovať v daňovej evidencii v roku 2021. Evidencia o príjmoch, evidencia o daňových výdavkoch, evidencia o hmotnom a nehmotnom majetku, evidencia o zásobách, evidencia o pohľadávkach a evidencia o záväzkoch. Spôsob vedenia daňovej evidencie a jej uchovávanie. Daňová evidencia a DPH. | ||
| 610 | 2 | 0 | |a účtovníctvo jednoduché |
| 610 | 2 | 0 | |a evidencia daňová |
| 610 | 2 | 0 | |a dane |
| 610 | 2 | 0 | |a príjmy |
| 610 | 2 | 0 | |a výdavky daňové |
| 610 | 2 | 0 | |a majetok nehmotný |
| 610 | 2 | 0 | |a majetok hmotný |
| 610 | 2 | 0 | |a pohľadávky |
| 610 | 2 | 0 | |a produkt domáci hrubý |
| 100 | 1 | |a Strählová, Jarmila | |